Introduction to ineternational disaster management / (Record no. 112773)
[ view plain ]
| 000 -LEADER | |
|---|---|
| fixed length control field | 00579nam a22002057a 4500 |
| 003 - CONTROL NUMBER IDENTIFIER | |
| control field | BD-ChCU |
| 005 - DATE AND TIME OF LATEST TRANSACTION | |
| control field | 20260507103305.0 |
| 008 - FIXED-LENGTH DATA ELEMENTS--GENERAL INFORMATION | |
| fixed length control field | 260507b nyu||||| |||| 00| 0 eng d |
| 020 ## - INTERNATIONAL STANDARD BOOK NUMBER | |
| International Standard Book Number | 9780128014776 |
| 040 ## - CATALOGING SOURCE | |
| Transcribing agency | BD-ChCU |
| 082 ## - DEWEY DECIMAL CLASSIFICATION NUMBER | |
| Edition number | 23 |
| Classification number | 363.3456 C425i |
| 100 ## - MAIN ENTRY--PERSONAL NAME | |
| Personal name | Coppola, Damon P. |
| 9 (RLIN) | 22585 |
| 245 ## - TITLE STATEMENT | |
| Title | Introduction to ineternational disaster management / |
| Statement of responsibility, etc. | Damon P Coppola |
| 250 ## - EDITION STATEMENT | |
| Edition statement | 3ed. |
| 260 ## - PUBLICATION, DISTRIBUTION, ETC. | |
| Place of publication, distribution, etc. | New York : |
| Name of publisher, distributor, etc. | Elsevier, |
| Date of publication, distribution, etc. | 2015 |
| 300 ## - PHYSICAL DESCRIPTION | |
| Extent | 733 P. : |
| 504 ## - BIBLIOGRAPHY, ETC. NOTE | |
| Bibliography, etc. note | Includes. |
| 650 #0 - SUBJECT ADDED ENTRY--TOPICAL TERM | |
| Topical term or geographic name entry element | Emergency management ; Disaster relief. |
| 9 (RLIN) | 22591 |
| 942 ## - ADDED ENTRY ELEMENTS (KOHA) | |
| Source of classification or shelving scheme | Dewey Decimal Classification |
| Koha item type | Books |
| Suppress in OPAC | No |
| Withdrawn status | Lost status | Source of classification or shelving scheme | Damaged status | Not for loan | Home library | Current library | Shelving location | Date acquired | Source of acquisition | Total Checkouts | Full call number | Barcode | Date last seen | Copy number | Price effective from | Koha item type |
|---|---|---|---|---|---|---|---|---|---|---|---|---|---|---|---|---|
| Dewey Decimal Classification | Chittagong University Library | Chittagong University Library | Business and Social Science Reading Room | 05/07/2026 | purchase | 363.34526 C425i | 343419 | 05/07/2026 | C-1 | 05/07/2026 | Books | |||||
| Dewey Decimal Classification | Chittagong University Library | Chittagong University Library | Business and Social Science Reading Room | 05/07/2026 | purchase | 363.34526 C425i | 343420 | 05/07/2026 | C-2 | 05/07/2026 | Books |